| 000 | 00478cam a22001814a 4500 | ||
|---|---|---|---|
| 005 | 20250605164129.0 | ||
| 008 | 250528s ||||||||||||||||||||||||d | ||
| 035 | _a18582 | ||
| 040 |
_aGR-AtMCL _bgre _dGR-AtMCL _eAACR2 |
||
| 245 | 1 | _aRoyal Academy Illustrated 1994 / A Souvenir of the 226th Summer Exhibition | |
| 260 | _c1994 | ||
| 300 | _a112 | ||
| 700 | 1 |
_aCuming Frederick _94842 |
|
| 942 | _cBK | ||
| 710 | 2 |
_aThe Royal Academy _99756 |
|
| 999 |
_c3931 _d3931 |
||